• 首页
  • 本馆介绍
  • 公告通知
  • 最新文献
  • 馆藏检索
  • 电子资源
  • 读者导购
  • 参考咨询
  • 我的图书馆
  • 登录
  • 详细信息显示
  • 放入我的书架
  • 预约/预借图书
  • 作者相关作品
  • 分类相关作品
  • 丛书相关作品
  • 出版社相关作品

书目信息

  • 表格格式
  • 工作单格式
  • 卡片格式
题名:
风险弱化烟草制品研究的科学标准
    
 
作者: 胡清源
分册:  
出版信息: 北京   化学工业出版社  2015.05
页数: 275页
开本: 26cm
丛书名:
单 册:
中图分类: TS47
科图分类:
主题词: 烟草制品--食品标准 , 烟草制品--食品检验
电子资源:
ISBN: 7-122-23286-7
000 00628nam0 2200205 450
001 181
005 20160906083255.50
010    @a7-122-23286-7@dCNY68.00
100    @a20160721d2015 km y0chiy0120 ea
101 0  @achi
102    @aCN@b110000
200 1  @a风险弱化烟草制品研究的科学标准@Afeng xian ruo hua yan cao zhi pin yan jiu de ke xue biao zhun@f胡清源@Fhu qing yuan
210    @a北京@c化学工业出版社@d2015.05
215    @a275页@d26cm
606 0  @a烟草制品@x食品标准
606 0  @a烟草制品@x食品检验
690    @aTS47@v4
701  0 @a胡清源@Ahu qing yuan
801  0 @aCN@b唐山师范学院图书馆@c20160721
905    @aZUCC@dTS47@e4
    
    风险弱化烟草制品研究的科学标准/胡清源.-北京:化学工业出版社,2015.05
    275页;26cm
    
    
    ISBN 7-122-23286-7:CNY68.00
    
●
相关链接 在E读中查询图书 在五车中查询图书 在当当中查询图书 在豆瓣中查询图书


正题名:风险弱化烟草制品研究的科学标准     索取号:TS47/4         预约/预借

序号 登录号 条形码 馆藏地/架位号 状态 备注
1 900724   209007242   第二样本阅览室/ [索取号:TS47/4] 在馆    
2 900725   209007251   第三借阅区/ [索取号:TS47/4] 在馆    
3 900726   209007260   第三借阅区/ [索取号:TS47/4] 在馆    
唐山师范学院图书馆 欢迎您!
大连网信软件有限公司© 版权所有